000 00750nam a2200229 a 4500
001 000021858
005 20200930011458.0
008 100913s1985 nq r 000 p spa d
040 _aDO-SdBNP
_bspa
_cBNPHU
082 _aN861.44
_bR928t, 1985
100 1 _aRugama, Leonel,
_d1949-1970.
_914172
245 1 0 _aLa tierra es un satélite de la luna /
_cLeonel Rugama ; edición al cuidado de Manuel Mejía.
250 _a4a ed.
260 _aManagua :
_bNueva Nicaragua,
_c1985.
300 _a109 p. ;
_c19 cm.
490 1 _aLetras de Nicaragua
_v6
650 4 _aPoesía nicaragüense
_98179
650 4 _aLiteratura nicaragüense
_ySIGLO XX
_98729
700 1 _aMejía, Manuel
_eed.
_9723
830 0 _aLetras de Nicaragua ;
_v6
_98119
049 _aBNGR
999 _c21356
_d21356